LIBRARY ONLINE CATALOGUE

Guide to African history. (Record no. 12444)

MARC details
000 -LEADER
fixed length control field 00474cam a22001812 4500
001 - CONTROL NUMBER
control field 0000000731
005 - DATE AND TIME OF LATEST TRANSACTION
control field 20151217155805.0
008 - FIXED-LENGTH DATA ELEMENTS--GENERAL INFORMATION
fixed length control field 070216s xx 000 0 eng d
040 ## - CATALOGING SOURCE
Original cataloging agency KABU
Transcribing agency KABU
050 #0 - LIBRARY OF CONGRESS CALL NUMBER
Classification number DT22
Item number .D38
100 1# - MAIN ENTRY--PERSONAL NAME
Personal name Davidson, Basil.
-- 0000148975
245 10 - TITLE STATEMENT
Title Guide to African history.
260 ## - PUBLICATION, DISTRIBUTION, ETC. (IMPRINT)
Place of publication, distribution, etc. London :
Name of publisher, distributor, etc. Allen and Unwin,
Date of publication, distribution, etc. 1963.
300 ## - PHYSICAL DESCRIPTION
Extent 93 p.
908 ## - PUT COMMAND PARAMETER (RLIN)
Put command parameter 070216
950 ## - LOCAL HOLDINGS (RLIN)
-- 1
Holdings
Withdrawn status Lost status Source of classification or shelving scheme Not for loan Home library Current library Date acquired Total Checkouts Full call number Barcode Date last seen Price effective from Koha item type
    Library of Congress Classification   Kabarak, Main Campus Kabarak, Main Campus 17/12/2015   DT22 .D38 006446 17/12/2015 17/12/2015 Africana Collection